000 00556nam a2200253Ia 4500
008 210210b xxu||||| |||| 00| 0 eng d
041 _aeng
082 _a826/221
100 _aWYATT
245 _aIntermediate text book of english literature Vol I
260 _aLondon
_bNot Mentioned
_c
440 _aI
650 _aVol
650 _atext
650 _aof
650 _aliterature
650 _aIntermediate
650 _aI
650 _aenglish
650 _abook
690 _aHistory of Literature
700 _aLOW
906 _a015769
999 _c135159
_d135159